00673nam a2200241 a 4500001001300000003000900013005001700022008004100039020001000080082001600090100001700106245002500123260004800148300000900196500003500205505001000240650001800250700001700268902000800285942000700293952011600300999001500416nice12345678IN_TiNIC20260116011456.0050524s1925 lona grp 000 0 eng  ac10000a297.09bVAL aValyi, Felix aRevolutions in Islam aLondonbKegna Paul Trench and Companyc1925 a236p aincludes index and biblioraphy2 aIndex aIslam-History1 aValyi, Felix bSRS cBK 001040708StackRoom-aHMIbHMId2007-07-25g100.00l0o297.09 VALp00941r2007-07-25v100.00w2005-05-24yBK c1872d1872